আমার কর্ম আমার জীবন /
Autobiography of Hussain Muhammad Ershad, b. 1930, politician and former president of Bangladesh.
| Main Author: | |
|---|---|
| Format: | Book |
| Language: | Bengali English |
| Published: |
ঢাকা :
আকাশ,
২০১৬
|
| Subjects: | |
| Classic Catalogue: | View this record in Classic Catalogue |
| LEADER | 01545nam a22003377a 4500 | ||
|---|---|---|---|
| 001 | 37922 | ||
| 003 | BD-DhAAL | ||
| 005 | 20220307161601.0 | ||
| 008 | 220307t2016 bg af 000 0aben d | ||
| 999 | |c 43695 |d 43695 | ||
| 020 | |a 9789848850992 | ||
| 040 | |a BD-DhAAL | ||
| 041 | 0 | |a ben |a eng | |
| 043 | |a a-bg--- | ||
| 082 | |a 954.9205 |2 23 | ||
| 100 | 1 | |a এরশাদ, হুসেইন মুহম্মদ |d ১৯৩০-২০১৯. |9 46577 | |
| 245 | 1 | 0 | |a আমার কর্ম আমার জীবন / |c হুসেইন মুহম্মদ এরশাদ |
| 246 | 3 | 1 | |a Amar karmo, amar jiban |
| 260 | |a ঢাকা : |b আকাশ, |c ২০১৬ | ||
| 300 | |a [ষোল], ৬৭২ পৃষ্ঠা : |b চিত্র ; |c ২৫ সে.মি. | ||
| 520 | |a Autobiography of Hussain Muhammad Ershad, b. 1930, politician and former president of Bangladesh. | ||
| 541 | |a Donated by Akbar Ali Khan |e 37922 | ||
| 546 | |a In Bengali; includes passages in English. | ||
| 600 | 1 | 0 | |a Ershad, Hussain Muhammad, |d 1930-2019. |9 46578 |
| 650 | 0 | |a Politicians |z Bangladesh |v Biography. |9 46579 | |
| 650 | 0 | |a Presidents |z Bangladesh |v Biography. |9 46580 | |
| 651 | 0 | |a Bangladesh |v Biography. |9 46581 | |
| 651 | 0 | |a Bangladesh |x Politics and government |y 1971- |9 46582 | |
| 852 | |a Ayesha Abed Library |c Akbar Ali Khan Collection | ||
| 942 | |2 ddc |c BK | ||
| 952 | |0 0 |1 0 |2 ddc |4 0 |6 954_920500000000000_ERS |7 1 |9 70031 |a BRACUL |b BRACUL |c AAKC |d 2022-03-07 |e Donated by Akbar Ali Khan |l 1 |m 1 |o 954.9205 ERS |p 3010037922 |r 2024-01-23 |s 2023-12-27 |t 1 |w 2022-03-07 |y BK | ||